| 000 | 01102nam a2200265 4500 | ||
|---|---|---|---|
| 001 | 19331 | ||
| 003 | BD-RjUL | ||
| 005 | 20211209000422.0 | ||
| 008 | 140224s1924 1 eng u | ||
| 035 | _a(BD-RjUL)19390 | ||
| 040 |
_cJPL _dm.c. _dOCL _dBOS _dBD-RjUL _aBOS _beng |
||
| 041 | _aeng | ||
| 082 |
_a910.4 _bBUS 1924 |
||
| 090 |
_aD7 _bF24 |
||
| 100 | 1 |
_aBurton, Richard Francis, _d1821-1890. _959452 |
|
| 245 | 1 | 0 |
_aSelected papers on anthropology, travel & exploration / _cSir Richard Burton, K. C. M. G.; now edited with an introduction and occasional notes by N. M. Penzer .. |
| 260 |
_aLondon : _bA. M. Philpot ltd., _c1924. |
||
| 300 |
_a240 p. ; _c21 cm. |
||
| 504 | _aIncludes index. | ||
| 505 | 0 | _aEarly days in Sind.--Guide-book to Mecca.--A trip to Harar.--Notes on scalping.--A day amongst the Fans.--Notes on the Dahoman.--Chapters from travels.--Notes on Rome.--Spiritualism in Eastern lands.--Giovanni Battista Belzoni. | |
| 650 |
_aVoyages and travels _938316 |
||
| 700 | 1 |
_aPenzer, N. M. _q(Norman Mosley), _d1892-1960. _959453 |
|
| 942 |
_2ddc _cBK |
||
| 999 |
_c19331 _d19331 |
||